Fundamentals of engineering drawing , with an introduction to interactive computer graphics for design and production (Record no. 572415)
[ view plain ]
| 000 -LEADER | |
|---|---|
| fixed length control field | 00634nam a22001937a 4500 |
| 003 - CONTROL NUMBER IDENTIFIER | |
| control field | CEME |
| 005 - DATE AND TIME OF LATEST TRANSACTION | |
| control field | 20210628203145.0 |
| 008 - FIXED-LENGTH DATA ELEMENTS--GENERAL INFORMATION | |
| fixed length control field | 210119b xxu||||| |||| 00| 0 eng d |
| 020 ## - INTERNATIONAL STANDARD BOOK NUMBER | |
| International Standard Book Number | 0-13-335050-9 |
| 040 ## - CATALOGING SOURCE | |
| Transcribing agency | ceme |
| 082 ## - DEWEY DECIMAL CLASSIFICATION NUMBER | |
| Classification number | 604.2 LUZ |
| 100 ## - MAIN ENTRY--PERSONAL NAME | |
| Personal name | Luzadder, Warren. J , Duff, Jon M |
| 9 (RLIN) | 34530 |
| 245 ## - TITLE STATEMENT | |
| Title | Fundamentals of engineering drawing , with an introduction to interactive computer graphics for design and production |
| 250 ## - EDITION STATEMENT | |
| Edition statement | 11TH |
| 260 ## - PUBLICATION, DISTRIBUTION, ETC. | |
| Place of publication, distribution, etc. | NEW DELHI |
| Name of publisher, distributor, etc. | NATIONAL BOOK FOUNDATION |
| Date of publication, distribution, etc. | 1997 |
| 300 ## - PHYSICAL DESCRIPTION | |
| Extent | XIV,690 P |
| 650 ## - SUBJECT ADDED ENTRY--TOPICAL TERM | |
| Topical term or geographic name entry element | MECHANICAL DRAWING, COMPUTER GRAPHICS.ENGINEERING DRAWING |
| 9 (RLIN) | 63667 |
| 942 ## - ADDED ENTRY ELEMENTS (KOHA) | |
| Koha item type | Book |
| Source of classification or shelving scheme | |
| Withdrawn status | Lost status | Source of classification or shelving scheme | Damaged status | Not for loan | Permanent Location | Current Location | Shelving location | Date acquired | Full call number | Barcode | Date last seen | Price effective from | Koha item type | Public note | Total Checkouts |
|---|---|---|---|---|---|---|---|---|---|---|---|---|---|---|---|
| College of Electrical & Mechanical Engineering (CEME) | College of Electrical & Mechanical Engineering (CEME) | General Stacks | 07/25/2017 | 604.2 LUZ | CEME-42121 | 06/28/2021 | 06/28/2021 | Book | 3.8 | ||||||
| College of Electrical & Mechanical Engineering (CEME) | College of Electrical & Mechanical Engineering (CEME) | General Stacks | 01/05/2026 | 604.2 LUZ | CEME-33409 | 01/05/2026 | 01/05/2026 | Book | 3.8 |
